[Event "TCh-FRA Top 12 2015"]
[Site "Montpellier FRA"]
[Date "2015.06.03"]
[Round "5.5"]
[Board "1"]
[White "Navara, David"]
[Black "Fier, Alexandr"]
[Result "1/2-1/2"]
[WhiteTitle "GM"]
[BlackTitle "GM"]
[WhiteElo "2751"]
[BlackElo "2632"]
[WhiteTeam "MULHOUSE PHILIDOR"]
[BlackTeam "MONTPELLIER"]
[WhiteFideId "309095"]
[BlackFideId "2107139"]
[EventDate "2015.05.30"]

1. e4 c5 2. Nf3 e6 3. d4 cxd4 4. Nxd4 Nc6 5. Nc3 Qc7 6. Be2 a6 7. O-O Nf6 8. Be3
Be7 9. f4 d6 10. Kh1 O-O 11. Qe1 Nxd4 12. Bxd4 b5 13. a3 Bb7 14. Qg3 Bc6 15.
Rae1 Qb7 16. Bd3 b4 17. Nd1 bxa3 18. bxa3 Qc7 19. Ne3 g6 20. e5 Nh5 21. Qh3 Nxf4
22. Rxf4 dxe5 23. Bxg6 hxg6 24. Bc3 Bg5 25. Rg4 Bf6 26. Nc4 Rad8 27. Qg3 Bb7 28.
Rf1 Bg7 29. Bxe5 Bxe5 30. Nxe5 Qxc2 31. Nxg6 fxg6 32. Rxg6+ Kh7 33. Rg7+ Kh8 34.
Rg8+ Rxg8 35. Qh4+ Qh7 36. Qf6+ Qg7 37. Qh4+ Qh7 1/2-1/2

[Event "TCh-FRA Top 12 2015"]
[Site "Montpellier FRA"]
[Date "2015.06.03"]
[Round "5.5"]
[Board "2"]
[White "Mista, Aleksander"]
[Black "Gajewski, Grzegorz"]
[Result "1-0"]
[WhiteTitle "GM"]
[BlackTitle "GM"]
[WhiteElo "2556"]
[BlackElo "2648"]
[WhiteTeam "MONTPELLIER"]
[BlackTeam "MULHOUSE PHILIDOR"]
[WhiteFideId "1110381"]
[BlackFideId "1116207"]
[EventDate "2015.05.30"]

1. e4 c5 2. Nf3 e6 3. d4 cxd4 4. Nxd4 Nc6 5. Nc3 a6 6. g3 d6 7. Bg2 Bd7 8. O-O
Nf6 9. Nce2 Be7 10. c3 O-O 11. h3 Qc7 12. g4 d5 13. exd5 Nxd4 14. Nxd4 Nxd5 15.
Bxd5 exd5 16. Qf3 Bd6 17. Bg5 Rae8 18. Rfe1 f6 19. Bh4 Re4 20. Qg2 Rfe8 21. f3
R4e5 22. Qd2 h5 23. Kg2 hxg4 24. hxg4 Qc8 25. Bg3 Bxg4 26. fxg4 Qxg4 27. Qf2 Kf7
28. Rxe5 Rxe5 29. Qf3 Qg5 30. Kf2 Ke8 31. Bxe5 fxe5 32. Nf5 Bc5+ 33. Ke2 e4 34.
Qh3 g6 35. Ng7+ 1-0

[Event "TCh-FRA Top 12 2015"]
[Site "Montpellier FRA"]
[Date "2015.06.03"]
[Round "5.5"]
[Board "4"]
[White "Libiszewski, Fabien"]
[Black "Riff, Jean-Noel"]
[Result "1/2-1/2"]
[WhiteTitle "GM"]
[BlackTitle "GM"]
[WhiteElo "2531"]
[BlackElo "2488"]
[WhiteTeam "MONTPELLIER"]
[BlackTeam "MULHOUSE PHILIDOR"]
[WhiteFideId "616834"]
[BlackFideId "611190"]
[EventDate "2015.05.30"]

1. e4 c5 2. Nf3 d6 3. Bb5+ Nd7 4. c3 Nf6 5. Qe2 a6 6. Ba4 b5 7. Bc2 Bb7 8. d4 e5
9. d5 Be7 10. Nbd2 c4 11. Nf1 Nc5 12. Ng3 Bc8 13. b4 cxb3 14. axb3 Qc7 15. O-O
O-O 16. b4 Ncd7 17. Nf5 Nb6 18. Nxe7+ Qxe7 19. Be3 Nc4 20. Nd2 Nxe3 21. Qxe3 Qc7
22. Rfc1 Bd7 23. Bd3 a5 24. Nb3 a4 25. Na5 Rfb8 26. f3 Ne8 27. Ra3 Qb6 28. Qxb6
Rxb6 29. Kf2 Kf8 30. Ke3 Ke7 31. Kd2 1/2-1/2

[Event "TCh-FRA Top 12 2015"]
[Site "Montpellier FRA"]
[Date "2015.06.03"]
[Round "5.5"]
[Board "5"]
[White "Sokolov, Andrei1"]
[Black "Flear, Glenn C"]
[Result "0-1"]
[WhiteTitle "GM"]
[BlackTitle "GM"]
[WhiteElo "2520"]
[BlackElo "2460"]
[WhiteTeam "MULHOUSE PHILIDOR"]
[BlackTeam "MONTPELLIER"]
[WhiteFideId "627089"]
[BlackFideId "400165"]
[EventDate "2015.05.30"]

1. e4 e5 2. Nf3 Nc6 3. Bb5 Nge7 4. c3 a6 5. Ba4 g6 6. d4 exd4 7. cxd4 b5 8. Bb3
Bg7 9. a4 Bb7 10. d5 Na5 11. Bd2 Nxb3 12. Qxb3 O-O 13. O-O c6 14. Nc3 cxd5 15.
Nxd5 Nxd5 16. exd5 Re8 17. Bc3 Bxc3 18. bxc3 Qc8 19. axb5 axb5 20. Nd4 Rxa1 21.
Rxa1 Re5 22. d6 Qc5 23. f3 Qxd6 24. Qb4 Qf6 25. h3 Qg5 26. Qd6 Kg7 27. Qxd7 Qe3+
28. Kh2 Qxc3 29. Ra7 Bd5 30. Nxb5 Qb4 31. Ra1 Qf4+ 32. Kg1 Rg5 33. Rf1 Bc4 34.
Rb1 Qe3+ 0-1

[Event "TCh-FRA Top 12 2015"]
[Site "Montpellier FRA"]
[Date "2015.06.03"]
[Round "5.5"]
[Board "6"]
[White "Collas, Silvia"]
[Black "Degraeve, Jean-Marc"]
[Result "0-1"]
[WhiteTitle "IM"]
[BlackTitle "GM"]
[WhiteElo "2306"]
[BlackElo "2555"]
[WhiteTeam "MONTPELLIER"]
[BlackTeam "MULHOUSE PHILIDOR"]
[WhiteFideId "2902265"]
[BlackFideId "600270"]
[EventDate "2015.05.30"]

1. c4 e5 2. Nc3 Nf6 3. Nf3 Nc6 4. e4 Bb4 5. d3 h6 6. a3 Bxc3+ 7. bxc3 d6 8. g3
Be6 9. Bg2 Qd7 10. h3 Ne7 11. Rb1 Rb8 12. Be3 b6 13. Nd2 Nh7 14. d4 f5 15. d5
Bf7 16. O-O O-O 17. exf5 Nxf5 18. Ne4 Nxe3 19. fxe3 Bg6 20. g4 Rxf1+ 21. Kxf1
Ng5 22. Nxg5 Bxb1 23. Qxb1 hxg5 24. Be4 Rf8+ 25. Ke2 Qa4 26. Qb4 Qd7 27. Qb1 Qe7
28. Qg1 Qf6 29. Bf5 g6 30. Be4 Kg7 31. Qe1 Rh8 32. Qg3 Qf7 33. Bc2 Qe8 34. a4
Rf8 35. Qg2 e4 36. Qxe4 Qxe4 37. Bxe4 Rh8 38. Bg2 Kf6 39. Kd3 Ke5 40. Ke2 Rf8
41. Ke1 a6 42. Ke2 Rb8 43. Kd3 b5 44. axb5 axb5 45. cxb5 Rxb5 46. Be4 Rb2 47.
Bxg6 Kxd5 48. Bf7+ Ke5 49. Bg6 Rh2 50. Bf5 Rxh3 51. c4 Rh2 52. Bd7 Ra2 53. Bc6
Ra3+ 54. Kd2 Ra6 55. Bb7 Rb6 56. Bf3 c6 57. Kd3 Rb3+ 58. Kd2 d5 59. cxd5 cxd5
60. Ke2 Rb2+ 61. Ke1 d4 62. exd4+ Kxd4 63. Bc6 Ke3 64. Kf1 Kf4 65. Bd7 Kf3 66.
Kg1 Rb1+ 67. Kh2 Kf2 68. Be8 Rb8 69. Bf7 Rh8+ 70. Bh5 Rxh5+ 71. gxh5 g4 0-1

[Event "TCh-FRA Top 12 2015"]
[Site "Montpellier FRA"]
[Date "2015.06.03"]
[Round "5.5"]
[Board "7"]
[White "Ider, Borya"]
[Black "Touzane, Olivier"]
[Result "1-0"]
[WhiteTitle "IM"]
[BlackTitle "IM"]
[WhiteElo "2401"]
[BlackElo "2339"]
[WhiteTeam "MULHOUSE PHILIDOR"]
[BlackTeam "MONTPELLIER"]
[WhiteFideId "4901134"]
[BlackFideId "602906"]
[EventDate "2015.05.30"]

1. d4 g6 2. g3 Bg7 3. Bg2 d6 4. Nf3 f5 5. O-O Nf6 6. b4 O-O 7. Bb2 Qe8 8. c4 h6
9. Nc3 g5 10. Re1 a5 11. b5 Qf7 12. Qd3 Ne4 13. Nxe4 fxe4 14. Qxe4 Qxc4 15. a4
Qf7 16. Rf1 c6 17. Rac1 Be6 18. Nd2 Nd7 19. bxc6 Nf6 20. Qd3 bxc6 21. Rxc6 Rab8
22. Bc3 Bd5 23. Ra6 Bxg2 24. Kxg2 Rfc8 25. Rxa5 Nd5 26. Ba1 Nb4 27. Qb3 Nc6 28.
Rb5 Rxb5 29. Qxb5 Bxd4 30. Qb3 d5 31. Bxd4 Nxd4 32. Qd3 e5 33. a5 Ne6 34. Rb1 e4
35. Qe3 Qf6 36. a6 Nc5 37. a7 d4 38. Qa3 Qc6 39. Rb8 e3+ 40. Nf3 g4 41. Rxc8+ 1-0

[Event "TCh-FRA Top 12 2015"]
[Site "Montpellier FRA"]
[Date "2015.06.03"]
[Round "5.5"]
[Board "8"]
[White "Brochet, Philippe"]
[Black "Choisy, Mathilde"]
[Result "1-0"]
[WhiteTitle "IM"]
[BlackTitle "WFM"]
[WhiteElo "2382"]
[BlackElo "2182"]
[WhiteTeam "MONTPELLIER"]
[BlackTeam "MULHOUSE PHILIDOR"]
[WhiteFideId "602469"]
[BlackFideId "634565"]
[EventDate "2015.05.30"]

1. e4 c5 2. Nc3 d6 3. d4 cxd4 4. Qxd4 Nc6 5. Bb5 Bd7 6. Qd3 e6 7. Nf3 Be7 8. g4
Nf6 9. g5 Ng4 10. Bxc6 Bxc6 11. Qd4 O-O 12. h3 Ne5 13. Nxe5 dxe5 14. Qxe5 Bd6
15. Qd4 Qc7 16. Bd2 b5 17. h4 Rfd8 18. Qe3 b4 19. Ne2 Bb7 20. O-O-O Rac8 21. c3
Bc5 22. Qf3 Qa5 23. Kb1 b3 24. axb3 Rd6 25. Be3 Ra6 26. Bxc5 Qxc5 27. Rd7 Bxe4+
28. Qxe4 Rb6 29. Rhd1 Rbb8 30. Qf4 Qf8 31. Qd6 1-0

[Event "TCh-FRA Top 12 2015"]
[Site "Montpellier FRA"]
[Date "2015.06.03"]
[Round "5.6"]
[Board "1"]
[White "Demuth, Adrien"]
[Black "Giri, Anish"]
[Result "0-1"]
[WhiteTitle "IM"]
[BlackTitle "GM"]
[WhiteElo "2515"]
[BlackElo "2776"]
[WhiteTeam "POITIERS-MIGNE"]
[BlackTeam "BISCHWILLER"]
[WhiteFideId "642274"]
[BlackFideId "24116068"]
[EventDate "2015.05.30"]

1. d4 Nf6 2. c4 c5 3. d5 b5 4. cxb5 a6 5. bxa6 g6 6. Nc3 Bg7 7. e4 O-O 8. a7
Rxa7 9. Nf3 e6 10. Be2 exd5 11. exd5 d6 12. O-O Na6 13. Nd2 Re8 14. Bb5 Bg4 15.
f3 Bd7 16. Nc4 Nh5 17. g4 Bxc3 18. Bxd7 Bd4+ 19. Qxd4 cxd4 20. Bxe8 Qxe8 21.
gxh5 Nb4 22. Bf4 Nxd5 23. Nxd6 Qd7 24. Bg3 Ra6 25. Ne4 Rc6 26. Be5 f5 27. Nf2
Ne3 28. Rfc1 Qd5 29. Rxc6 Qxf3 0-1

[Event "TCh-FRA Top 12 2015"]
[Site "Montpellier FRA"]
[Date "2015.06.03"]
[Round "5.6"]
[Board "2"]
[White "Edouard, Romain"]
[Black "Picard, Romain"]
[Result "1-0"]
[WhiteTitle "GM"]
[BlackTitle "IM"]
[WhiteElo "2627"]
[BlackElo "2368"]
[WhiteTeam "BISCHWILLER"]
[BlackTeam "POITIERS-MIGNE"]
[WhiteFideId "633429"]
[BlackFideId "627216"]
[EventDate "2015.05.30"]

1. d4 e6 2. c4 f5 3. Nc3 Nf6 4. Qc2 Bb4 5. e3 b6 6. Bd3 Bb7 7. f3 c5 8. a3 Ba5
9. Ne2 Nc6 10. O-O Bxc3 11. Qxc3 O-O 12. b4 Ne7 13. Bb2 Qc7 14. dxc5 bxc5 15. b5
Ng6 16. a4 d6 17. a5 a6 18. Nf4 Qf7 19. Be2 Ne5 20. Rfd1 Qe7 21. Qc2 Nf7 22. Bc3
e5 23. Nd5 Nxd5 24. cxd5 Qg5 25. Bd2 Qf6 26. Qa2 g5 27. Rab1 f4 28. bxa6 Bxa6
29. Bxa6 Rxa6 30. Rb6 Ra7 31. Qb3 e4 32. Rb8 Ne5 33. Rxf8+ Qxf8 34. exf4 gxf4
35. fxe4 f3 36. Rf1 Rg7 37. g3 Qc8 38. Bf4 Rb7 39. Qc2 c4 40. Bxe5 dxe5 41. Rxf3
Qc5+ 42. Kg2 Qd4 43. Kh3 Rb2 44. Qa4 Rxh2+ 45. Kxh2 Qd2+ 46. Kh3 Qh6+ 47. Kg2 1-0

[Event "TCh-FRA Top 12 2015"]
[Site "Montpellier FRA"]
[Date "2015.06.03"]
[Round "5.6"]
[Board "3"]
[White "Fougerit, Valentin"]
[Black "Ragger, Markus"]
[Result "0-1"]
[BlackTitle "GM"]
[WhiteElo "2225"]
[BlackElo "2668"]
[WhiteTeam "POITIERS-MIGNE"]
[BlackTeam "BISCHWILLER"]
[WhiteFideId "634670"]
[BlackFideId "1610856"]
[EventDate "2015.05.30"]

1. e4 e5 2. Nf3 Nc6 3. Bc4 Nf6 4. d3 Bc5 5. O-O O-O 6. Nbd2 d6 7. c3 Ne7 8. h3
Bb6 9. Bb3 c6 10. Re1 Ng6 11. Nf1 Nh5 12. d4 Nhf4 13. dxe5 dxe5 14. Qxd8 Rxd8
15. Bxf4 exf4 16. Rad1 a5 17. a4 Bc7 18. N1d2 b5 19. Nd4 Bd7 20. N2f3 Be5 21.
axb5 cxb5 22. Bd5 Rac8 23. Nf5 Bc7 24. N3d4 b4 25. cxb4 axb4 26. Ra1 Kf8 27. Ra7
Ne5 28. Rc1 Bb6 29. Rxc8 Bxc8 30. Ra8 g6 31. Nd6 Bxd4 32. Rxc8 Rxc8 33. Nxc8 Bc5
34. Kf1 Ke8 35. Ke2 Kd7 36. Bb7 Kc7 37. Ba6 f6 0-1

[Event "TCh-FRA Top 12 2015"]
[Site "Montpellier FRA"]
[Date "2015.06.03"]
[Round "5.6"]
[Board "4"]
[White "Schlosser, Philipp"]
[Black "Tranchant, Sebastien"]
[Result "1/2-1/2"]
[WhiteTitle "GM"]
[WhiteElo "2577"]
[BlackElo "2275"]
[WhiteTeam "BISCHWILLER"]
[BlackTeam "POITIERS-MIGNE"]
[WhiteFideId "4600169"]
[BlackFideId "626732"]
[EventDate "2015.05.30"]

1. d4 Nf6 2. c4 c5 3. d5 e6 4. Nc3 exd5 5. cxd5 d6 6. Nf3 g6 7. Bf4 a6 8. a4 Bg7
9. h3 O-O 10. e3 Qe7 11. Be2 Nbd7 12. O-O Rb8 13. Re1 Ne8 14. e4 Ne5 15. Qd2
Nxf3+ 16. Bxf3 b5 17. axb5 axb5 18. Bh6 Bxh6 19. Qxh6 b4 20. Nd1 Nf6 21. Qd2 Bb7
22. Rc1 Nd7 23. Ne3 Ba6 24. b3 Rfe8 25. Ra1 Bb5 26. Ra7 Qh4 27. Be2 Ne5 28. Bxb5
Rxb5 29. Nf1 Qd8 30. Rea1 Rb8 31. Ne3 Qh4 32. Qc2 Rec8 33. Nc4 Nxc4 34. Qxc4 Re8
35. Qa6 Qxe4 36. Qxd6 Red8 37. Rd7 Rxd7 38. Qxd7 Qe8 39. Qd6 Qf8 40. Qc7 Rd8 41.
Rd1 Qd6 42. Qa5 1/2-1/2

[Event "TCh-FRA Top 12 2015"]
[Site "Montpellier FRA"]
[Date "2015.06.03"]
[Round "5.6"]
[Board "5"]
[White "Pel, Bonno"]
[Black "Le Roux, Jean-Pierre"]
[Result "0-1"]
[WhiteTitle "FM"]
[BlackTitle "GM"]
[WhiteElo "2287"]
[BlackElo "2546"]
[WhiteTeam "POITIERS-MIGNE"]
[BlackTeam "BISCHWILLER"]
[WhiteFideId "1004760"]
[BlackFideId "609404"]
[EventDate "2015.05.30"]

1. Nc3 Nf6 2. e4 e5 3. g3 g6 4. Bg2 Bg7 5. d3 O-O 6. f4 exf4 7. gxf4 d5 8. e5
Ng4 9. Nf3 c5 10. O-O Nc6 11. Ng5 Ne7 12. h3 Nh6 13. Qe1 Nhf5 14. Nd1 h6 15. Nf3
d4 16. c4 dxc3 17. Qxc3 b6 18. Nf2 Nd5 19. Qb3 Be6 20. Qa4 a6 21. Re1 b5 22. Qd1
Qb6 23. Kh2 Rac8 24. Qe2 c4 25. Bd2 Nd4 26. Nxd4 Qxd4 27. Be3 Nxe3 28. Qxe3 Qxb2
29. d4 Rfd8 30. Rad1 c3 31. d5 Bf5 32. Nd3 Qa3 33. Nc1 Qc5 34. Rd4 c2 35. Be4
Bxe4 36. Qxe4 Re8 37. Nd3 Qc3 38. d6 Red8 39. Nc1 Qc6 40. Rd5 Qd7 41. Re3 Rc4
42. Rd4 Rdc8 43. Red3 g5 44. Kg3 gxf4+ 45. Kxf4 Rxd4 46. Rxd4 Qxh3 47. d7 Qh2+
48. Ke3 Qg1+ 49. Ke2 Rd8 50. e6 Bxd4 51. exf7+ Kxf7 0-1

[Event "TCh-FRA Top 12 2015"]
[Site "Montpellier FRA"]
[Date "2015.06.03"]
[Round "5.6"]
[Board "6"]
[White "Marcelin, Cyril"]
[Black "Saada, Julien"]
[Result "1/2-1/2"]
[WhiteTitle "GM"]
[BlackTitle "FM"]
[WhiteElo "2476"]
[BlackElo "2296"]
[WhiteTeam "BISCHWILLER"]
[BlackTeam "POITIERS-MIGNE"]
[WhiteFideId "607274"]
[BlackFideId "625388"]
[EventDate "2015.05.30"]

1. e4 c6 2. c4 d5 3. exd5 cxd5 4. cxd5 Nf6 5. Qa4+ Nbd7 6. Nc3 g6 7. Nf3 Bg7 8.
Bc4 O-O 9. d3 a6 10. Qa3 Qc7 11. O-O Ne5 12. Nxe5 Qxe5 13. d4 Qxd4 14. Bb3 Qe5
15. Qb4 Ng4 16. Bf4 Qf6 17. Bg3 a5 18. Qb5 Nh6 19. Rfe1 Nf5 20. Be5 Qg5 21. Bxg7
Nh4 22. Qf1 Kxg7 23. f4 Qf6 24. Qf2 Nf5 25. Re5 Qd6 26. Rae1 Bd7 27. Bc2 Rfe8
28. Bxf5 Bxf5 29. Nb5 Qd7 30. Nd4 Ra6 31. Nxf5+ gxf5 32. Qd4 f6 33. Re6 Rd6 34.
Rxd6 exd6 35. Rxe8 Qxe8 36. Kf2 Qb5 1/2-1/2

[Event "TCh-FRA Top 12 2015"]
[Site "Montpellier FRA"]
[Date "2015.06.03"]
[Round "5.6"]
[Board "7"]
[White "Picard, Clement"]
[Black "Netzer, Jean"]
[Result "0-1"]
[BlackTitle "IM"]
[WhiteElo "2180"]
[BlackElo "2396"]
[WhiteTeam "POITIERS-MIGNE"]
[BlackTeam "BISCHWILLER"]
[WhiteFideId "615455"]
[BlackFideId "623350"]
[EventDate "2015.05.30"]

1. e4 c5 2. Nf3 d6 3. Bb5+ Nd7 4. c3 Nf6 5. Qe2 a6 6. Ba4 b5 7. Bc2 e5 8. O-O
Be7 9. d4 O-O 10. h3 Qc7 11. d5 c4 12. Nbd2 Nh5 13. g3 g6 14. Kg2 Nc5 15. b4
cxb3 16. axb3 f5 17. Bb2 Nf6 18. exf5 gxf5 19. c4 Rb8 20. Bc3 b4 21. Bb2 Rf7 22.
Kh2 Bd7 23. Ne1 Re8 24. f4 e4 25. Ng2 Bf8 26. Ne3 Bg7 27. Rab1 Qb6 28. Rfe1 Rfe7
29. Ndf1 a5 30. Bd4 Qc7 31. Kg2 Rb8 32. Qd1 Ree8 33. g4 Qc8 34. g5 Nh5 35. Bxg7
Nxg7 36. Ng3 Re7 37. h4 a4 38. bxa4 b3 39. Bxb3 Rxb3 40. Ra1 Rb2+ 41. Re2 Rxe2+
42. Qxe2 Nd3 43. Rf1 Bxa4 44. h5 Rb7 0-1

[Event "TCh-FRA Top 12 2015"]
[Site "Montpellier FRA"]
[Date "2015.06.03"]
[Round "5.6"]
[Board "8"]
[White "Maisuradze, Nino"]
[Black "Leriche, Ines"]
[Result "1-0"]
[WhiteTitle "WGM"]
[WhiteElo "2279"]
[BlackElo "1990"]
[WhiteTeam "BISCHWILLER"]
[BlackTeam "POITIERS-MIGNE"]
[WhiteFideId "13601717"]
[BlackFideId "684090"]
[EventDate "2015.05.30"]

1. d4 Nf6 2. c4 c5 3. d5 e6 4. Nc3 exd5 5. cxd5 d6 6. Nf3 g6 7. Nd2 Bg7 8. Nc4
O-O 9. Bg5 Qd7 10. a4 b6 11. Qd2 Ba6 12. Na3 Re8 13. f3 Qe7 14. Nab5 Bxb5 15.
axb5 Nbd7 16. e4 Qf8 17. Be2 Ne5 18. O-O h6 19. Be3 Re7 20. Ra4 Rc7 21. Kh1 h5
22. h3 Qe8 23. Rfa1 Nh7 24. f4 Nd7 25. e5 Ndf8 26. exd6 Rd7 27. f5 Be5 28. fxg6
fxg6 29. Ne4 Qf7 30. Rf1 Qg7 31. Bh6 Qh8 32. b4 Nf6 33. Nxf6+ Bxf6 34. bxc5 bxc5
35. b6 Rxd6 36. Rxa7 Rad8 37. b7 Bc3 38. Qf4 Rf6 39. b8=Q Rxb8 40. Qxb8 Rxf1+
41. Bxf1 Qxh6 42. Qc7 Bd4 43. Qf7+ Kh8 44. Ra8 Bg7 45. d6 1-0

[Event "TCh-FRA Top 12 2015"]
[Site "Montpellier FRA"]
[Date "2015.06.04"]
[Round "6.1"]
[Board "1"]
[White "Vazquez Igarza, Renier"]
[Black "Ipatov, Alexander"]
[Result "1/2-1/2"]
[WhiteTitle "GM"]
[BlackTitle "GM"]
[WhiteElo "2606"]
[BlackElo "2612"]
[WhiteTeam "MONTPELLIER"]
[BlackTeam "C-E BOIS-COLOMBES"]
[WhiteFideId "3503054"]
[BlackFideId "14116731"]
[EventDate "2015.05.30"]

1. e4 c5 2. Nf3 Nc6 3. Bb5 d6 4. Bxc6+ bxc6 5. O-O e5 6. c3 Nf6 7. Re1 Be7 8. d4
Qc7 9. dxe5 dxe5 10. Nbd2 Ba6 1/2-1/2

[Event "TCh-FRA Top 12 2015"]
[Site "Montpellier FRA"]
[Date "2015.06.04"]
[Round "6.1"]
[Board "3"]
[White "Mista, Aleksander"]
[Black "Bauer, Christian"]
[Result "1/2-1/2"]
[WhiteTitle "GM"]
[BlackTitle "GM"]
[WhiteElo "2556"]
[BlackElo "2624"]
[WhiteTeam "MONTPELLIER"]
[BlackTeam "C-E BOIS-COLOMBES"]
[WhiteFideId "1110381"]
[BlackFideId "603767"]
[EventDate "2015.05.30"]

1. e4 e6 2. d4 d5 3. Nd2 h6 4. Ngf3 Nf6 5. Bd3 c5 6. exd5 exd5 7. dxc5 Bxc5 8.
Nb3 Bb6 9. Qe2+ Qe7 10. Qxe7+ Kxe7 11. O-O Nc6 12. Re1+ Be6 13. Be3 Bxe3 14.
Rxe3 Kd6 15. Nfd4 Nxd4 16. Nxd4 Bd7 17. Rg3 Rhg8 18. Bf5 Rae8 19. Bxd7 Kxd7 20.
Rd1 Re5 21. Kf1 Kc8 22. Rf3 Rd8 23. Nf5 Ng4 24. Rc3+ Kb8 25. Ne3 Nxe3+ 1/2-1/2

[Event "TCh-FRA Top 12 2015"]
[Site "Montpellier FRA"]
[Date "2015.06.04"]
[Round "6.1"]
[Board "4"]
[White "Maze, Sebastien"]
[Black "Smith, Axel"]
[Result "1-0"]
[WhiteTitle "GM"]
[BlackTitle "IM"]
[WhiteElo "2572"]
[BlackElo "2454"]
[WhiteTeam "C-E BOIS-COLOMBES"]
[BlackTeam "MONTPELLIER"]
[WhiteFideId "613762"]
[BlackFideId "1707930"]
[EventDate "2015.05.30"]

1. e4 e5 2. Nf3 Nc6 3. Bb5 Nf6 4. O-O Nxe4 5. d4 Nd6 6. Bxc6 dxc6 7. dxe5 Nf5 8.
Qxd8+ Kxd8 9. h3 Ne7 10. Nc3 Ng6 11. b3 Ke8 12. Bb2 a5 13. Rad1 Bb4 14. Nd4 Bd7
15. Rfe1 Nf4 16. Re4 Bxc3 17. Bxc3 Ne6 18. Nf5 Rg8 19. Rh4 h6 20. Ng3 c5 21. f4
g5 22. fxg5 hxg5 23. Rh7 Bc6 24. Rf1 Nf4 25. Rf2 Rd8 26. Bxa5 Rd1+ 27. Kh2 b6
28. Bc3 Bd5 29. e6 Bxe6 30. Ne4 Rg6 31. h4 Nd5 32. h5 Rg8 33. Nf6+ Nxf6 34. Bxf6
Rd5 35. Re2 g4 36. Kg3 Rf5 37. Be5 Rgg5 38. Bxc7 Rxh5 39. Rxh5 Rxh5 40. Bxb6 Kd7
41. Ba5 Rh8 42. c4 Kc6 43. Be1 Ra8 44. Bf2 Kd6 45. Kf4 Ra3 46. Rd2+ Kc6 47. Ke4
Ra8 48. Bg3 Ra7 49. Bf4 Rd7 50. Rxd7 Bxd7 51. g3 Bc8 52. Kd3 Kb6 53. Kc3 Ba6 54.
a3 Ka5 55. Bc7# 1-0

[Event "TCh-FRA Top 12 2015"]
[Site "Montpellier FRA"]
[Date "2015.06.04"]
[Round "6.1"]
[Board "5"]
[White "Libiszewski, Fabien"]
[Black "Cornette, Matthieu"]
[Result "1/2-1/2"]
[WhiteTitle "GM"]
[BlackTitle "GM"]
[WhiteElo "2531"]
[BlackElo "2590"]
[WhiteTeam "MONTPELLIER"]
[BlackTeam "C-E BOIS-COLOMBES"]
[WhiteFideId "616834"]
[BlackFideId "620084"]
[EventDate "2015.05.30"]

1. Nf3 d5 2. c4 e6 3. g3 Nf6 4. Bg2 c5 5. O-O Nc6 6. cxd5 Nxd5 7. Nc3 Be7 8. d4
O-O 9. Nxd5 exd5 10. dxc5 Bxc5 11. Bg5 Qd7 12. Ne1 Re8 13. Nd3 Bb6 14. Re1 Qg4
15. Bd2 Bf5 16. Bxd5 Rad8 17. e4 Qxd1 18. Raxd1 Bg4 19. Rc1 Nd4 20. Kg2 Nf3 21.
Red1 Nd4 22. Re1 1/2-1/2

[Event "TCh-FRA Top 12 2015"]
[Site "Montpellier FRA"]
[Date "2015.06.04"]
[Round "6.1"]
[Board "6"]
[White "Shoker, Samy"]
[Black "Brochet, Philippe"]
[Result "1-0"]
[WhiteTitle "GM"]
[BlackTitle "IM"]
[WhiteElo "2484"]
[BlackElo "2382"]
[WhiteTeam "C-E BOIS-COLOMBES"]
[BlackTeam "MONTPELLIER"]
[WhiteFideId "627143"]
[BlackFideId "602469"]
[EventDate "2015.05.30"]

1. c4 e5 2. g3 Nc6 3. Bg2 g6 4. Nc3 Bg7 5. d3 f5 6. Nf3 Nf6 7. O-O d6 8. Rb1 a5
9. a3 O-O 10. b4 axb4 11. axb4 h6 12. b5 Ne7 13. Bb2 g5 14. Ra1 Rxa1 15. Qxa1
Be6 16. Qa7 Qb8 17. Ra1 Nd7 18. Nd2 Nc5 19. Qxb8 Rxb8 20. Na4 Nxa4 21. Rxa4 Nc8
22. Nb3 c6 23. Rb4 c5 24. Ra4 b6 25. Nd2 Ne7 26. Ra7 Kf8 27. f4 gxf4 28. gxf4
Ng6 29. e3 Bf7 30. Bd5 Ne7 31. fxe5 Nxd5 32. e6 Bxb2 33. Rxf7+ Ke8 34. cxd5 Ra8
35. Nc4 1-0

[Event "TCh-FRA Top 12 2015"]
[Site "Montpellier FRA"]
[Date "2015.06.04"]
[Round "6.1"]
[Board "7"]
[White "Collas, Silvia"]
[Black "Koziak, Vitali"]
[Result "0-1"]
[WhiteTitle "IM"]
[BlackTitle "IM"]
[WhiteElo "2306"]
[BlackElo "2467"]
[WhiteTeam "MONTPELLIER"]
[BlackTeam "C-E BOIS-COLOMBES"]
[WhiteFideId "2902265"]
[BlackFideId "14102234"]
[EventDate "2015.05.30"]

1. c4 e5 2. Nc3 Nc6 3. g3 Bc5 4. Bg2 a6 5. e3 d6 6. Nge2 Ba7 7. b3 h5 8. h3 f5
9. d4 Bd7 10. dxe5 dxe5 11. Nd5 Be6 12. Bb2 Nf6 13. Nxf6+ gxf6 14. Ba3 Qd7 15.
Qxd7+ Bxd7 16. h4 O-O-O 17. O-O-O f4 18. gxf4 Bg4 19. Rxd8+ Kxd8 20. Rd1+ Kc8
21. Rd2 Bxe2 22. Rxe2 exf4 23. exf4 Rg8 24. Bh3+ Kb8 25. c5 Nd4 26. Re7 Nb5 27.
Be6 Rd8 28. Bb2 Bxc5 29. Rd7 Rxd7 30. Bxd7 Bd4 31. Be8 Bxb2+ 32. Kxb2 Nd4 33.
Bxh5 Nf5 34. Kc3 Nxh4 35. Kd4 Nf5+ 36. Kd5 c6+ 37. Ke6 Ng7+ 38. Kxf6 Nxh5+ 39.
Kg5 Ng7 40. Kg6 Ne6 41. f5 Nd8 42. f6 c5 43. f7 Nxf7 44. Kxf7 b5 45. f4 c4 46.
bxc4 bxc4 47. f5 c3 48. f6 c2 49. Kg7 c1=Q 50. f7 Qg5+ 51. Kh7 Qf6 52. Kg8 Qg6+
53. Kf8 Kc7 54. a4 Kd7 55. a5 Ke6 0-1